Developing an implementation framework for building information modelling (IF-BIM) in building operation and maintenance

Bibliographic Details
Main Authors: Azlan Shah Ali (Author), Anuar Alias (Author), Diane Marsh (Author), Norhanim Zakaria (Author), Syamilah Yaacob (Author), Umi Kalsom Zolkafli@Zukifliy (Author)
Format: Book
Language:English
Subjects:

MARC

LEADER 00000cam a2200000 7i4500
001 0000029862
005 20241129.0
008 220531 my a eng
040 |a INS   |b eng   |c INS   |e rda 
090 0 0 |a Research 376   |b 2020 
100 0 |a Azlan Shah Ali ,   |e author 
245 1 0 |a Developing an implementation framework for building information modelling (IF-BIM) in building operation and maintenance   |c Azlan Shah Ali, Anuar Alias, Norhanim Zakaria, Umi Kalsom Zolkafli@Zukifliy, Syamilah Yaacob, Diane Marsh 
264 0 |c 2020 
300 |a xiii, 83 pages :   |b illustrations, pictures ;   |c 30 cm. 
336 |a text  |2 rdacontent 
337 |a unmediated  |2 rdamedia 
338 |a volume  |2 rdacarrier 
650 0 |a Building information modeling 
700 0 |a Anuar Alias ,   |e author 
700 0 |a Diane Marsh ,   |e author 
700 0 |a Norhanim Zakaria ,   |e author 
700 0 |a Syamilah Yaacob ,   |e author 
700 0 |a Umi Kalsom Zolkafli@Zukifliy ,   |e author 
999 |a RES0000646   |b BOOK   |c Research By JPPH Staff   |e Default branch